00781 a2200157 45000010006000000050017000060080041000230030015000640400040000790800055001192450071001742640030002453000019002755050311002941000018006053488820260407155634.0260407a1970 arg spa dAR-UNSa-BCEJYS aAR-UNSa-BCEJYSbspacAR-UNSa-BCEJYS a658.012.32xFormas de organización, de gestión10aOrganización y dirección de empresaspvademecum del empresario 1aMadrid :bParaninfoc1970 a366 p.c21 cm. a1. Glosario de organización y gestión - 2. Técnicas generales de organización - 3. La organización y los hombres - 4. La organización comercial - 5. La organización de la producción - 6. La organización de los trabajos administrativos - 7. Gestión y dirección - 8. Las organizaciones.1 aGerbier, Jean